000 00992nam a2200301 i 4500
003 EG-GICUC
005 20260218202618.0
008 260218s1985 ca ||||fr|||| 00| 0 fre d
040 _aEG-GiCUC
_bfre
_cEG-GiCUC
_dEG-GiCUC
_eRda
082 0 4 _221
_a341.33
_bFO
092 0 4 _221
099 _aLaw1 11 341.33 FO 1985
245 1 0 _aForce Armée Et Diplomatie.
_nTome I /
_b
_cJean-françois Guilhaudis, Maurice Torrelli.
264 1 _aDordrecht :
_bMartinus Nijhoff Publishers,
_c1985.
300 _a274page :
_billustration ;
_c 24 cm.
336 _2rda contenu
_a texte
337 _2rda medias
_aOrdinateur
338 _2 transporteur rda
_a Ressource en ligne
504 _a
546 _aTexte en français
650 1 4 _aDroit international public
_2
651 1 _2
700 1 _aGuilhaudis, Jean-françois
_eÉditeur
700 1 _aTorrelli, Maurice
_eÉditeur
856 4 0 _uhttps://fll.law.cu.edu.eg/fulltext/bks/B11-07829.pdf
905 _a50
942 _2ddc
_cBK
_e21
_n0
999 _c63696
_d63696